Joaquín Balaguer : (Registro nro. 7152)

Detalles MARC
000 -LIDER
fixed length control field 01293nam a2200349 a 4500
001 - NÚMERO DE CONTROL
Identificador de número de control 000004150
003 - IDENTIFICACDOR DE NÚMERO DE CONTROL
control field 000004150
005 - DATE AND TIME OF LATEST TRANSACTION
control field 20211227101231.0
008 - ELEMENTOS DE LONGITUD FIJA
fixed length control field 090717s2008 dr ac 001 0 spa d
020 ## - ISBN
International Standard Book Number 9789945001174
040 ## - FUENTE DE CATALOGACIÓN
Agencia que crea de manera original el registro BPMSU
Idioma de catalogación spa
Agencia que realiza la transcripción BPMSU
082 ## - NÚMERO DE CLASIFICACIÓN DECIMAL DE DEWEY
Classification number 361.61
Item number B171e 2008
Edition number 22
245 00 - MENCIÓN DE TITULO
Título Joaquín Balaguer :
Subtítulo el estadista de la construcción y el urbanismo /
Mención de responsabilidad edición a cargo de Cándido Gerón.
260 ## - PUBLICACIÓN, DISTRIBUCIÓN, ETC. (PIE DE IMPRENTA)
Lugar de publicación, distribución, etc Santo Domingo :
Nombre del editor, distribuidor, etc. Fundación Joaquín Balaguer,
Fecha de publicación, distribución, etc 2008.
300 ## - DESCRIPCIÓN FÍSICA
Extensión 435 p. :
Otros detalles físicos il., retrs. ;
Dimensiones 29 p.
500 ## - NOTA GENERAL
Nota general Incluye índice onomástico
600 14 - ENCABEZAMIENTO DE MATERIA--NOMBRE PERSONAL
Nombre personal Balaguer, Joaquín
Fechas asociadas con el nombre 1906-2002
9 (RLIN) 2
650 #4 - ENCABEZAMIENTO DE MATERIA--TEMÁTICO
Término temático o nombre geográfico como elemento de entrada Construcción de viviendas
Subdivisión geográfica República Dominicana
650 #4 - ENCABEZAMIENTO DE MATERIA--TEMÁTICO
Término temático o nombre geográfico como elemento de entrada Urbanismo
Subdivisión geográfica República Dominicana
Subdivisión temática general Historia
650 #4 - ENCABEZAMIENTO DE MATERIA--TEMÁTICO
Término temático o nombre geográfico como elemento de entrada Viviendas
Subdivisión geográfica República Dominicana
650 #4 - ENCABEZAMIENTO DE MATERIA--TEMÁTICO
Término temático o nombre geográfico como elemento de entrada Ciudades y pueblos
Subdivisión geográfica República Dominicana
Subdivisión temática general Estadística
651 #4 - ENCABEZAMIENTO DE MATERIA--NOMBRE GEOGRÁFICO
Nombre geográfico República Dominicana
Subdivisión temática general Política social
651 #4 - ENCABEZAMIENTO DE MATERIA--NOMBRE GEOGRÁFICO
Nombre geográfico República Dominicana
Subdivisión temática general Presidente (1966-1976 : Balaguer )
700 1# - ASIENTO SECUNDARIO -- NOMBRE PERSONAL
Nombre personal Gerón, Cándido,
Mención de responsabilidad ed.
Fechas asociadas con el nombre
710 2# - ASIENTO SECUNDARIO -- NOMBRE CORPORATIVO
Nombre corporativo o de jurisdicción Fundación Joaquín Balaguer (República Dominicana)
910 ## - VALIDACIÓN
Validación VMateo V.
942 ## - ADDED ENTRY ELEMENTS (KOHA)
Source of classification or shelving scheme Dewey Decimal Classification
Koha item type Libros
956 ## - LOCAL ELECTRONIC LOCATION AND ACCESS (OCLC)
Nombre de host
Número de acceso
Información de compresión
Inicio de sesión
Procesador de solicitud
956 ## - LOCAL ELECTRONIC LOCATION AND ACCESS (OCLC)
Nombre de host
Número de acceso
Información de compresión
Inicio de sesión
Procesador de solicitud
956 ## - LOCAL ELECTRONIC LOCATION AND ACCESS (OCLC)
Nombre de host
Número de acceso
Información de compresión
Inicio de sesión
Procesador de solicitud
956 ## - LOCAL ELECTRONIC LOCATION AND ACCESS (OCLC)
Nombre de host
Número de acceso
Información de compresión
Inicio de sesión
Procesador de solicitud
Existencias
Withdrawn status Lost status Source of classification or shelving scheme Damaged status Not for loan Home library Current library Date acquired Source of acquisition Full call number Barcode Date last seen Price effective from Koha item type Copy number Total Checkouts
    Dewey Decimal Classification     Biblioteca Pública Metropolitana Salomé Ureña Biblioteca Pública Metropolitana Salomé Ureña 07/15/2014 Fundación Joaquín Balaguer BPMSU CD 361.61 B171e 2008 BPMSU15040570 07/15/2014 07/15/2014 Libros    
    Dewey Decimal Classification     Biblioteca Pública Metropolitana Salomé Ureña Biblioteca Pública Metropolitana Salomé Ureña 07/15/2014 Fundación Joaquín Balaguer BPMSU CD 361.61 B171e 2008 BPMSU15040571 07/15/2014 07/15/2014 Libros e.2  
    Dewey Decimal Classification     Biblioteca Pública Metropolitana Salomé Ureña Biblioteca Pública Metropolitana Salomé Ureña 07/15/2014 Fundación Joaquín Balaguer BPMSU CD 361.61 B171e 2008 BPMSU25110094 11/25/2025 07/15/2014 Libros e.3